[Event "Stjernen CC-ch B"]
[Site "Oslo"]
[Date "2017.03.07"]
[Round "4"]
[White "Smedsrud, Morten S"]
[Black "Kristiansen, Oddvar"]
[Result "1-0"]
[WhiteElo "1352"]
[BlackElo "1521"]
[PlyCount "59"]
[EventDate "2017.02.07"]
[EventType "swiss"]
[EventRounds "9"]
[EventCountry "NOR"]
[SourceTitle "EXT 2024"]
[Source "ChessBase"]
[SourceDate "2023.10.10"]
[SourceVersion "1"]
[SourceVersionDate "2023.10.10"]
[SourceQuality "1"]

1. d4 d5 2. c4 c6 3. Nf3 Nf6 4. Nc3 e6 5. Bg5 Be7 6. e3 a6 7. Bd3 0-0 8. Qa4 Nbd7 9. cxd5 exd5 10. Ne5 Nxe5 11. dxe5 Nd7 12. Qh4 g6 13. Bxe7 Qe8 14. Bxf8 Qxf8 15. 0-0 Nxe5 16. Be2 Be6 17. Rfd1 Nd7 18. e4 Nb6 19. exd5 Nxd5 20. Nxd5 Bxd5 21. b3 Re8 22. Bf1 Re4 23. Qg3 Qe7 24. Qc3 b5 25. Re1 f5 26. Bd3 Qg5 27. Bxe4 Bxe4 28. f3 Bd5 29. Re8+ Kf7 30. Rae1 1-0

[Event "NOR-ch Class3"]
[Site "Lillehammer"]
[Date "2013.06.29"]
[Round "7"]
[White "Gaarder, Hans K"]
[Black "Kristiansen, Oddvar"]
[Result "1-0"]
[WhiteElo "1404"]
[BlackElo "1389"]
[PlyCount "37"]
[EventDate "2013.06.29"]
[EventType "swiss"]
[EventRounds "9"]
[EventCountry "NOR"]
[SourceTitle "EXT 2017"]
[Source "ChessBase"]
[SourceDate "2016.10.25"]
[SourceVersion "1"]
[SourceVersionDate "2016.10.25"]
[SourceQuality "1"]

1. e4 c5 2. Nf3 d6 3. d4 cxd4 4. Nxd4 Nf6 5. Nc3 a6 6. Be2 g6 7. Be3 Bg7 8. Qd2 0-0 9. 0-0-0 Qc7 10. h4 h5 11. f3 Nc6 12. g4 Nxd4 13. Bxd4 Be6 14. gxh5 Nxh5 15. Bxg7 Kxg7 16. Rdg1 Rh8 17. f4 Rag8 18. f5 Bd7 19. fxg6 1-0

[Event "NOR-chB op"]
[Site "Oslo"]
[Date "2006.04.12"]
[Round "1"]
[White "Kristiansen, Oddvar"]
[Black "Pronstad, Thomas"]
[Result "0-1"]
[WhiteElo "1321"]
[BlackElo "1805"]
[PlyCount "74"]
[EventDate "2006.04.12"]
[EventType "swiss"]
[EventRounds "9"]
[EventCountry "NOR"]
[SourceTitle "CBM 111 Extra"]
[Source "ChessBase"]
[SourceDate "2006.05.09"]
[SourceVersion "1"]
[SourceVersionDate "2006.05.09"]
[SourceQuality "1"]

1. e4 c6 2. d4 d5 3. exd5 cxd5 4. c4 Nf6 5. Nc3 e6 6. Bg5 Be7 7. Nf3 Nbd7 8. cxd5 exd5 9. Bd3 Qb6 10. a3 0-0 11. 0-0 Qd8 12. Re1 Re8 13. Ne5 Nf8 14. Bb5 Bd7 15. Bxd7 N8xd7 16. Qf3 Nb6 17. Rad1 a6 18. h4 Rc8 19. Bc1 Rc7 20. g4 Rf8 21. g5 Ne8 22. Ng4 f6 23. Qf5 Qd7 24. Qe6+ Kh8 25. gxf6 Nxf6 26. Nxf6 Rxf6 27. Qxd7 Rxd7 28. Bg5 Rf7 29. Re6 Nc8 30. Rde1 h6 31. Bxe7 Rfxe7 32. Rxe7 Rxe7 33. Re5 Rxe5 34. dxe5 Ne7 35. Kg2 Kg8 36. e6 g6 37. Kf3 Kg7 0-1